Growing Cities in Venezuela - Statistics

General Stats
  • This quiz has been taken 6 times
  • The average score is 8 of 10
Answer Stats
Population Population Gained City % Correct
1,942,652 106,620 Caracas
100%
1,898,770 326,885 Maracaibo
100%
382,881 55,093 Barcelona
83%
936,065 90,057 Barquisimeto
83%
1,378,958 179,448 Valencia
83%
287,368 58,334 Acarigua-Araure
67%
300,455 72,693 Barinas
67%
672,651 52,867 Ciudad Guayana
67%
447,283 107,347 Maturin
67%
330,201 57,974 Turmero
33%
No matching quizzes found
Score Distribution
Percent of People with Each Score
Percentile by Number Answered
Your Score History
You have not taken this quiz